| 000 | 00397pab a2200157 454500 | ||
|---|---|---|---|
| 008 | 180718b2010 xxu||||| |||| 00| 0 eng d | ||
| 100 | _aIedema, Rick | ||
| 245 | _aThe undecided space of ethics in organizational surveillance | ||
| 260 | _c2010 | ||
| 300 | _ap.199-217. | ||
| 650 | _aOrganizations | ||
| 700 | _aRhodes, Carl | ||
| 773 | _aOrganization Studies | ||
| 908 | _aN | ||
| 909 | _a85773 | ||
| 999 |
_c85773 _d85773 |
||